| 000 | 00599nam a2200205Ia 4500 | ||
|---|---|---|---|
| 003 | OSt | ||
| 005 | 20230619141328.0 | ||
| 008 | 210423s1995 xx 000 0 und d | ||
| 040 | _cAL | ||
| 041 | _aeng | ||
| 082 |
_a152 _223 _bKANH |
||
| 100 |
_aKANDATHU (George);others _9112368 |
||
| 245 | _aHow to be alert and acheiving: secrets from TA psychology | ||
| 260 |
_aMumbai _bBirla Publications _c1995 |
||
| 365 |
_b50 _cINR |
||
| 650 |
_aPsychology _9112369 |
||
| 650 |
_aSensory Perception _9112370 |
||
| 906 | _aacheiving: ; alert ; be ; How ; psychology. ; secrets ; TA | ||
| 942 |
_2ddc _cBK |
||
| 999 |
_c172783 _d172783 |
||